|
|
|
|
| LEADER |
00000nab a2200000 a 4500 |
| 001 |
vtls010705978 |
| 003 |
SK-MaSNL |
| 005 |
20260304185737.0 |
| 008 |
250709s2001 xo |||||||||||||||||slo| |
| 035 |
|
|
|a (urnnbn)urn:nbn:sk:snk:ar-a040s7
|
| 035 |
|
|
|a (uuid)372d62b4-ebdc-4436-b8ec-9da61279632f
|
| 035 |
|
|
|a urn:nbn:sk:snk-ab3aei
|
| 040 |
|
|
|a SNKBUCL
|b slo
|c SNKBUCL
|e AACR2
|
| 041 |
0 |
|
|a slo
|
| 044 |
|
|
|a xo
|c SK
|
| 245 |
0 |
0 |
|a ENVIRONMENTÁLNE MANAŽÉRSTVO
|b VYŠIEL NÁVRH SPOJENEJ NORMY ISO 9000 A ISO 14000
|
| 700 |
1 |
|
|a Lengyelová, Adriana
|4 trl
|9 89879
|
| 773 |
0 |
|
|t Normalizácia : odborný časopis pre technickú normalizáciu
|g Roč. 7, č. 6 (2001), s. 30
|
| 850 |
|
|
|a Slovenská národná knižnica
|
| 852 |
|
|
|a Slovenská národná knižnica
|
| 954 |
|
|
|a odborná, vedecká literatúra cudzojazyčná (svetová)
|2 lita
|
| 958 |
|
|
|a article1
|
| 958 |
|
|
|a OND
|
| 958 |
|
|
|a EUIPO
|
| 999 |
|
|
|c 3045756
|d 3047686
|